000 00545nam a2200205Ia 4500
005 20221026104333.0
008 131103s9999 xx 000 0 und d
020 _a340171715
040 _aLoreto College
041 _aEnglish
082 _a155.4
_bVAR
245 _aStresses in childern
_cedited by Ved P. Varma
260 _aLondon
_bUniversity of London
_c1974
300 _aviii,165p
440 _aIncludes bibliographical references
504 _aChild Psychology
700 _aVarma, Ved P., ed.
850 _aLCLIB
942 _cBK
999 _c18633
_d69112